000 00231nam a22000857a 4500
008 160920b xxu||||| |||| 00| 0 eng d
100 _9680
_aSingh.L.etal
245 _aChemistry Part 2-IX
260 _aNew Delhi
_bS. Chand Publications
_c2011
999 _c3337
_d3337